000 01137nad a22002175a 4500
008 240610s2024 xxk fo 000 0 eng d
041 0 _aeng
110 2 _aRoyal Institution of Chartered Surveyors
_94900
245 0 0 _aFuture Foundations
_bRICS strategy for a natural and built environment that is sustainable, resilient and inclusive for all
246 _aAnnual Report 2023
260 _aLondon
_bRICS
_c2024
300 _a62p.
490 0 _aRICS Annual Report
520 _aThe Annual review covers the 12-month period from 1 January to 31 December 2023. It reports on all RICS activities across the organisation, supported by key data points and insights, and highlights some of the successes of our membership.
650 2 4 _aRICS ANNUAL REVIEW AND FINANCIAL STATEMENTS
651 4 _aInternational
690 _aBusiness and management
856 _uhttps://www.rics.org/content/dam/ricsglobal/documents/about-rics/RICS-STRATEGY-2023.pdf
_z2023 strategy available on RICS.org
856 _uhttps://www.rics.org/content/dam/ricsglobal/documents/about-rics/RICS-Annual-Review-2023.pdf
_zAnnual review 2023
942 _n0
_2ddc
999 _c121953
_d121953